MARC

LEADER 00000nam0a2200000 4500
001 674555
005 20241024115616.0
090 |a 674555 
100 |a 20240913d2015 k||y0rusy50 ca 
101 0 |a rus 
102 |a RU 
105 |a a z 001yy 
181 0 |a i   |b  e  
182 0 |a n 
183 0 |a nc  |2 RDAcarrier 
200 1 |a Архитектура Казани XVI - первой половины XX века. Очерки П. Дульского с иллюстрациями  |f сост. И. С. Александрова [и др.] 
203 |a Текст  |b визуальный  |c непосредственный 
210 |a Казань  |c Изд-во Казанского ун-та  |d 2015 
215 |a 90 с.  |c ил. 
283 |a volume  |2 RDAcarrier 
320 |a Указатель иллюстраций: с. 81-88 
606 1 |a Города  |x Архитектура  |9 35731 
610 1 |a Казань 
610 1 |a история 
610 1 |a 20 век 
610 1 |a 16 век 
610 1 |a 17 век 
610 1 |a 18 век 
610 1 |a 19 век 
610 1 |a архитектурные памятники 
610 1 |a Татарстан 
610 1 |a жилищное строительство 
610 1 |a церковная архитектура 
610 1 |a фотографии 
675 |a 728.1(09)  |v 4 
700 1 |a Дульский  |b П. М.  |g Петр Максимилианович 
702 1 |4 220  |a Александрова  |b И. С. 
702 1 |4 220  |a Амерханова  |b Э. И. 
702 1 |4 220  |a Лексина  |b Ю. А. 
801 0 |a RU  |b 63413507  |c 20240913 
942 |c BK